000 00302nam 22001213 4500
001 191220
090 _a191220
100 _a20240809d u||y0pory50 ba
101 _apor
102 _aPT
200 _aS. João de Deus
_e(resumo Histórico)
_fFr. Bernardino de S. José , O.H.
801 _aPT
_bBMMN
_gRPC
990 _cLIVROS